| 000 | 00409nam a2200157 i 4500 | ||
|---|---|---|---|
| 001 | 46920 | ||
| 003 | ES-MaACL | ||
| 005 | 20230906161453.0 | ||
| 007 | t| | ||
| 008 | 030402s1932 fr ||||1| fre d | ||
| 100 | 1 |
_aConstantin-Weyer, Maurice. _940248 |
|
| 245 | 1 | 2 |
_aL'ame du vin / _cMaurice Constantin-Weyer. |
| 260 |
_aParis : _bFloch, _c1932. |
||
| 300 |
_a304 p. ; _c20 cm. |
||
| 852 |
_aES-MaACL _jF-13948 |
||
| 999 |
_c46920 _d46920 |
||